000 01352nam a2200265Ia 4500
999 _c53389
_d53389
001 20432
003 GE_BSU
005 20201206171103.0
008 181216s1972||||ge |||||||||||||| ||geo||
040 _cGE_BSU
041 _ageo
080 _a811.353.1'36(075.3) შ-21
100 _aშანიძე, აკაკი
_99848
245 _aქართული ენის გრამატიკა ნაწ. 2 : სინტაქსი (მართლწერის საკითხებითურთ) :
_bმე-7-8 კლასების სახელმძღვ. /
_cაკაკი შანიძე, ლ. კვაჭაძე ; რედ. ე. გელაშვილი.
264 _aთბილისი :
_bგანათლება,
_c1972.
300 _a134 გვ. ;
_c22 სმ.
541 _h32 თ.
653 _aმე-7-8 კლასების სახელმძღვანელო
653 _a სინტაქსი (მართლწერის საკითხებითურთ)
653 _aქართული ენა
653 _aქართული ენის გრამატიკა
700 _a კვაჭაძე, ლ.
_eავტორი
_99849
700 _aგელაშვილი, ე.
_eრედაქტორი
_97719
942 _cBK
_2udc